| 000 | 01178nam a2200385Ia 4500 | ||
|---|---|---|---|
| 001 | dia_100 | ||
| 003 | CHAP | ||
| 005 | 20231027124307.0 | ||
| 007 | ta | ||
| 008 | 220117s1984 mx ad fr 001 0 spa d | ||
| 010 | _a170531 | ||
| 020 | _a968-18-1876-8 | ||
| 040 |
_cCHAP _amxchpua |
||
| 050 | 1 | 0 |
_aQ180.A1 _b.N36 1984 |
| 082 |
_a001.4 _bN36 1984 _220 |
||
| 100 |
_aNamakforoosh, Mohammad Naghi _9147187 _eautor |
||
| 245 | 1 | 0 |
_aMetodología de la investigación / _cMohammad Naghi Namakforoosh |
| 250 | _a1a edición | ||
| 264 |
_aMéxico : _bLimusa, _c1984 |
||
| 300 |
_a529 páginas : _bilustraciones, gráficas, diagramas, tablas |
||
| 336 |
_2rdacontent _atexto _btxt |
||
| 337 |
_2rdamedia _asin medio _bn |
||
| 338 |
_2rdacarrier _avolumen _bnc |
||
| 504 | _aBibliografía: páginas 521-526 | ||
| 650 | 1 | 0 |
_aCiencia _xMetodología _923129 |
| 650 | 1 | 0 |
_aInvestigación _xMetodología _960237 |
| 650 | 1 | 0 |
_aResearch _xMethodology _9147184 |
| 650 | 1 | 0 |
_aScience _xMethodology _9147185 |
| 901 | _a001.4 N36 1984 | ||
| 902 | _aM | ||
| 905 | _a5232271984 mx aiMN8222223322spa16 | ||
| 942 | _2ddc | ||
| 942 | _2ddc | ||
| 942 | _cLIBRO | ||
| 999 |
_c170531 _d170531 |
||